Bjulleten' inostrannoj kommerčeskoj informacii priloženije
Salvato in:
| Natura: | Periodico |
|---|---|
| Lingua: | russo |
| Pubblicazione: |
Moskva
Vsesoj. nauč.-issled. kon'junkt. institut
|
| Tags: |
Nessun Tag, puoi essere il primo ad aggiungerne!!
|
MARC
| LEADER | 00000nas1a22000001 4500 | ||
|---|---|---|---|
| 001 | s120565 | ||
| 005 | 20041019155346.1 | ||
| 041 | 0 | |a rus | |
| 044 | |a RU | ||
| 245 | 1 | 0 | |a Bjulleten' inostrannoj kommerčeskoj informacii |b priloženije |
| 264 | 1 | |a Moskva |b Vsesoj. nauč.-issled. kon'junkt. institut | |